| 000 | 01177nac a22002651u 4500 | ||
|---|---|---|---|
| 008 | 090312t xxu||||| |||| 00| 0 eng d | ||
| 010 | _a2006041989 | ||
| 020 | _a0131481924 | ||
| 020 | _a9780131481923 | ||
| 035 | _a(OCoLC)ocm64085087 | ||
| 082 | 0 | 0 |
_a627 _bCHI _222 |
| 100 | _aChin, David A. | ||
| 245 | 1 | 0 |
_aWater-Resources Engineering / _cDavid A. Chin. |
| 250 | _a2nd ed. | ||
| 260 |
_aUpper Saddle River, N.J. : _bPearson Prentice Hall, _cc2006. |
||
| 300 |
_axiv, 962 p. : _bill., maps ; _c27 cm. |
||
| 504 | _aIncludes bibliographical references (p. 892-932) and index. | ||
| 650 | 0 | _aHydraulics. | |
| 650 | 0 | _aHydraulic engineering. | |
| 650 | 0 | _aHydrology. | |
| 942 |
_cBB _k627CHI _2ddc |
||
| 999 |
_c2801 _d2801 |
||